000 005700000a22001810004500
003 MACL
005 20160518163922.0
008 160518b xxu||||| |||| 00| 0 eng d
040 _aMACL
_cMACL
041 _aHindi
082 _a891.433
100 _aजौकी, मुशरर्फ आलम
_954966
245 _aलबॉरटरी
_cमुशरर्फ आलम जौकी
260 _bकॉनफलुएंस इंटरनेशनल
_c2003
_aदिल्‍ली
350 _a150
650 _aStory
_958054
942 _cHIN
_k800/JOA/S
_2ddc
999 _c18024
_d18024